000 00811cam a22002773a 4500
001 13532
003 PGUSA
005 20140828083306.0
008 040926s2004||||xxu|||||s|||||000 1 eng d
040 _aPGUSA
_beng
042 _adc
050 4 _aPS
100 1 _aKyne, Peter B.
_q(Peter Bernard),
_d1880-1957
245 1 0 _aKindred of the Dust
_h[electronic resource] /
_cPeter B. Kyne
260 _bProject Gutenberg,
_c2004
506 _aPublic domain in the USA.
516 _aElectronic text
653 _aLumber trade -- Fiction
653 _aLove stories
653 _aWashington (State) -- Fiction
653 _aChildren of the rich -- Fiction
700 1 _aCornwell, Dean,
_d1892-1960
830 0 _aProject Gutenberg
_v13532
856 4 0 _uhttp://www.gutenberg.org/ebooks/13532
942 _cEB
999 _c242787
_d242787